00305 a2200121 450000100060000008200160000610000260002224500360004826000340008430000150011865000200013370000300015313088 a920.549 SHA aShabbir Hussain, Syed aAl-Mashriqi the disowned genius aLahorebJang Publishersc1991 avii, 293 p adisowned genius 4allama mashriqiamashriqi